000 00614nam a2200265Ia 4500
005 20260306163846.0
008 008 260114s9999 xx 000 0 eng d
020 _a9780748676569
037 _aEBOOK
040 _aCRL
040 _beng
040 _cCRL
041 _2eng
041 _aeng
084 _qCRL
100 _aHout
_9882077
245 0 _aPost-war Anglophone Lebanese Fiction
260 _bEdinburgh University Press
260 _c2013
650 _aSocial Work
856 _uhttps://academic.oup.com/book/22831
942 _cEBOOK
999 _c1711773
_d1711773